Zmiany strukturalne i prywatyzacja sektora publicznego w Austrii.

Rozsah a štruktúra verejného sektora. Kontrola verejných podnikov. Reorganizácia, štrukturalizácia a privatizácia vo verejnom sektore (okrem priemyslu). Dôležitejšie štátne podniky. Reorganizácia, reštrukturalizácia a privatizácia štátneho priemyslu.

Enregistré dans:
Détails bibliographiques
Auteur principal: Sztyber, W.B
Format: Chapitre de livre
Langue:polonais
Sujets:
Tags: Ajouter un tag
Pas de tags, Soyez le premier à ajouter un tag!

MARC

LEADER 00000naa a2200000 4500
001 r008933
005 20221125122802.5
041 0 |a pol 
044 |a PL 
245 1 0 |a Zmiany strukturalne i prywatyzacja sektora publicznego w Austrii.  |c W.B. Sztyber 
520 |a Rozsah a štruktúra verejného sektora. Kontrola verejných podnikov. Reorganizácia, štrukturalizácia a privatizácia vo verejnom sektore (okrem priemyslu). Dôležitejšie štátne podniky. Reorganizácia, reštrukturalizácia a privatizácia štátneho priemyslu. 
610 2 0 |a sektor verejný 
610 2 0 |a privatizácia 
610 2 0 |a Rakúsko 
610 2 0 |a zmeny štruktúrne 
610 2 0 |a kontrola 
610 2 0 |a podnik štátny 
610 2 0 |a reorganizácia 
610 2 0 |a priemysel 
100 1 |a Sztyber, W.B.